Turf management in the transition zone

The transition zone is the toughest area in which to maintain quality turf. It is a zone where temperature and precipitation vary greatly from season to season and where more intensive maintenance of seasonal grasses is required.This is the only book to cover the maintenance of intensive turfgrasses...

ver descrição completa

Na minha lista:
Detalhes bibliográficos
Autor principal: Dunn, John H
Formato: Livro
Idioma:Undetermined
Publicado em: Hoboken, N.J. John Wiley & Sons 2004
Assuntos:
Tags: Adicionar Tag
Sem tags, seja o primeiro a adicionar uma tag!
Thư viện lưu trữ: Trung tâm Học liệu Trường Đại học Cần Thơ
LEADER 01041nam a2200205Ia 4500
001 CTU_165711
008 210402s9999 xx 000 0 und d
020 |c 90 
082 |a 635.9642 
082 |b D923 
100 |a Dunn, John H 
245 0 |a Turf management in the transition zone 
245 0 |c John H. Dunn and Kenneth Diesburg 
260 |a Hoboken, N.J. 
260 |b John Wiley & Sons 
260 |c 2004 
520 |a The transition zone is the toughest area in which to maintain quality turf. It is a zone where temperature and precipitation vary greatly from season to season and where more intensive maintenance of seasonal grasses is required.This is the only book to cover the maintenance of intensive turfgrasses found in such zones. Easy to read and practical this book offers the superintendent or turf manager accessible information in a complex and difficult area. 
650 |a Quản lý sân cỏ,Turfgrasses,Turf management,Bãi cỏ 
904 |i Loan 
980 |a Trung tâm Học liệu Trường Đại học Cần Thơ